000 00916nam a2200313 i 4500
003 DO-SdBNP
005 20230526134116.0
007 ta
008 230526b1977 sp ||||| |||| 00| 0 spa d
040 _aDO-SdBNP
_bspa
_cBNPHU
_erda
049 _aBNGR
082 4 _a862.6
_bV181L, 1977
_222
100 1 _aValle-Inclán, Ramón del,
_d1866-1936.
_93325
_eautor
245 1 0 _aLuces de bohemia :
_besperpento /
_cRamón del Valle-Inclán.
250 _a8a ed.
264 1 _aMadrid :
_bEspasa-Calpe,
_c1977.
300 _a144 páginas ;
_c18 cm.
336 _2rdacontent
_atexto
_btxt
337 _2rdamedia
_asin mediación
_bn
338 _2rdacarrier
_avolumen
_bnc
490 1 _aAustral
_v1307
500 _aIncluye índice de autores
590 _aInventariado, 2023/BT
650 4 _aTeatro español
_93071
650 4 _aLiteratura española
_9632
830 _939559
910 _aBtavárez
942 _2ddc
_cLBS1
999 _c53626
_d53626